[Event "Titled Tuesday intern op 28th Jun Early"]
[Site "Chess.com INT"]
[Date "2022.06.28"]
[Round "9"]
[White "Kjartansson, David"]
[Black "Csonka, Balazs"]
[Result "1-0"]
[WhiteElo "2316"]
[BlackElo "2494"]
[PlyCount "103"]
[EventDate "2022.06.28"]
[EventType "swiss (blitz)"]
[EventRounds "11"]
[EventCountry "USA"]
[SourceTitle "CBM 209 Extra"]
[Source "ChessBase"]
[SourceDate "2022.09.30"]
[SourceVersion "1"]
[SourceVersionDate "2022.09.30"]
[SourceQuality "1"]

1. d4 e6 2. Nc3 Nf6 3. Bf4 Bb4 4. Qd3 Nd5 5. Bd2 Bxc3 6. bxc3 f5 7. g4 0-0 8. gxf5 exf5 9. Qc4 c6 10. Bg2 Kh8 11. Bxd5 cxd5 12. Qxd5 Nc6 13. Nf3 b6 14. Ne5 Qe7 15. Bf4 Bb7 16. Rg1 Rac8 17. Qxd7 Qxd7 18. Nxd7 Rf7 19. Ne5 Nxe5 20. Bxe5 Rxc3 21. Kd2 Rc8 22. f3 Kg8 23. c3 Bd5 24. a4 Re7 25. h4 g6 26. h5 Kf7 27. hxg6+ hxg6 28. Rh1 Ke6 29. Rag1 Rg8 30. Rh6 Kf7 31. Ke3 Bc6 32. c4 Bxa4 33. Kf4 Bb3 34. Rc1 Rc8 35. c5 bxc5 36. dxc5 Bd5 37. e3 Rce8 38. Bd4 Rg8 39. Ra1 g5+ 40. Kxf5 Bxf3 41. Rh7+ Ke8 42. Rxe7+ Kxe7 43. Rxa7+ Kd8 44. e4 Rf8+ 45. Bf6+ Rxf6+ 46. Kxf6 Bxe4 47. Kxg5 Kc8 48. Kf6 Kb8 49. Rg7 Kc8 50. Ke5 Bh1 51. Kd6 Kb8 52. c6 1-0

[Event "ISL-chT1 2122"]
[Site "Reykjavik"]
[Date "2022.03.06"]
[Round "10.2"]
[White "Kjartansson, David"]
[Black "Dadason, Gudmundur"]
[Result "1-0"]
[WhiteElo "2305"]
[BlackElo "2097"]
[PlyCount "61"]
[EventDate "2021.09.30"]
[EventType "team-tourn"]
[EventRounds "10"]
[EventCountry "ISL"]
[SourceTitle "EXT 2023"]
[Source "ChessBase"]
[SourceDate "2022.10.05"]
[SourceVersion "1"]
[SourceVersionDate "2022.10.05"]
[SourceQuality "1"]
[WhiteTeam "Vikingaklubburinn"]
[BlackTeam "Breidjablik Bolungarvik"]
[WhiteTeamCountry "ISL"]
[BlackTeamCountry "ISL"]

1. d4 Nf6 2. Nc3 d5 3. Bf4 a6 4. e3 Bf5 5. Nf3 e6 6. Ne5 Nbd7 7. g4 Nxe5 8. gxf5 Nc6 9. fxe6 fxe6 10. Rg1 Qd7 11. a3 Bd6 12. Qf3 Bxf4 13. Qxf4 Rf8 14. Qg3 Rf7 15. 0-0-0 0-0-0 16. f3 Qd6 17. Bh3 Kb8 18. f4 Na5 19. Bf1 Ka8 20. Qe1 Qc6 21. b3 Qd6 22. Kb2 Nc6 23. Na4 Ne4 24. Bd3 b5 25. Nc3 Nxc3 26. Qxc3 h6 27. Rg3 Kb7 28. Rdg1 Rdd7 29. Rg6 Qe7 30. a4 b4 31. Bxa6+ 1-0

[Event "ISL-chT1 2122"]
[Site "Reykjavik"]
[Date "2022.03.04"]
[Round "7.3"]
[White "Kjartansson, David"]
[Black "Birkisson, Bardur Orn"]
[Result "1-0"]
[WhiteElo "2305"]
[BlackElo "2160"]
[PlyCount "75"]
[EventDate "2021.09.30"]
[EventType "team-tourn"]
[EventRounds "10"]
[EventCountry "ISL"]
[SourceTitle "EXT 2024"]
[Source "ChessBase"]
[SourceDate "2023.10.10"]
[SourceVersion "1"]
[SourceVersionDate "2023.10.10"]
[SourceQuality "1"]
[WhiteTeam "Vikingaklubburinn"]
[BlackTeam "Taflfelag Reykjavikur"]
[WhiteTeamCountry "ISL"]
[BlackTeamCountry "ISL"]

1. d4 d5 2. Nc3 Nf6 3. Bf4 c5 4. e3 e6 5. Nb5 Na6 6. c3 Be7 7. h3 0-0 8. Nf3 Ne4 9. Be2 b6 10. 0-0 Bb7 11. a4 Nd6 12. Bd3 Nc7 13. Nxd6 Bxd6 14. Bxh7+ Kxh7 15. Ng5+ Kg6 16. Qg4 f5 17. Qg3 Bxf4 18. exf4 Kf6 19. Rfe1 Ke7 20. dxc5 bxc5 21. b4 cxb4 22. cxb4 Qd6 23. Rac1 Rac8 24. Nf3 Ne8 25. Rxc8 Bxc8 26. b5 Rf6 27. Ne5 Bb7 28. Rd1 Kf8 29. Qe3 a6 30. Qa7 Qc7 31. bxa6 Bc8 32. Qxc7 Nxc7 33. Rc1 Nxa6 34. Rxc8+ Ke7 35. a5 Nb4 36. Rb8 Na6 37. Rb7+ Kd8 38. Rxg7 1-0

[Event "Titled Tuesday intern op 23rd Nov"]
[Site "Chess.com INT"]
[Date "2021.11.23"]
[Round "5"]
[White "Tanenbaum, Zachary Chen"]
[Black "Kjartansson, David"]
[Result "1-0"]
[WhiteElo "2135"]
[BlackElo "2317"]
[PlyCount "47"]
[EventDate "2021.11.23"]
[EventType "swiss (blitz)"]
[EventRounds "11"]
[EventCountry "USA"]
[SourceTitle "CBM 205 Extra"]
[Source "ChessBase"]
[SourceDate "2022.01.31"]
[SourceVersion "1"]
[SourceVersionDate "2022.01.31"]
[SourceQuality "1"]

1. e4 c5 2. Nf3 e6 3. d4 cxd4 4. Nxd4 Nc6 5. Nc3 Qc7 6. g3 a6 7. Bg2 Nxd4 8. Qxd4 Ne7 9. Bf4 Qa5 10. 0-0 Nc6 11. Qd2 Bb4 12. a3 Bxc3 13. bxc3 0-0 14. Bd6 Re8 15. f4 b5 16. f5 Qd8 17. f6 gxf6 18. Qh6 Ne5 19. Bxe5 fxe5 20. Rxf7 Kxf7 21. Qxh7+ Kf6 22. Rf1+ Kg5 23. Qg7+ Kh5 24. Bf3# 1-0